Words Containing UP - Statistics

General Stats
  • This quiz has been taken 23 times
  • The average score is 15 of 27
Answer Stats
Hint Answer % Correct
Unhappy, disappointed, or worried Up{set}
95%
Stimulants used to temporarily increase alertness and energy Up{per}
90%
To make something more modern Up{date}
85%
To transfer data from one computer to another Up{load}
85%
The floor above Up{stairs}
85%
The kind of girl Billy Joel likes Up{town}
75%
A loud and impassioned noise or disturbance Up{roar}
70%
To pull something, especially a tree or plant out of the ground Up{root}
70%
A punch delivered with an upward motion and the arm bent Up{percut}
65%
Expensive and designed to appeal to affluent consumers Up{scale}
65%
Cheerful; optimistic Up{beat}
60%
Capital letters as opposed to small letters Up{percase}
60%
Early training given to a child from its parents throughout its childhood Up{bringing}
55%
Hairstyle in which the hair is swept up Up{do}
55%
12th letter of the Greek alphabet Up{silon}
50%
Provide furniture with a soft, padded covering Up{holster}
45%
Act of group violence in defiance of an established government Up{rising}
40%
Divert attention from someone towards oneself Up{stage}
40%
Anxious or angry in a tense and overly controlled way Up{tight}
40%
To vomit Up{chuck}
35%
A junior or senior in high school or college Up{perclassman}
35%
Toward a higher place, point, or level Up{ward}
35%
To criticize severely Up{braid}
30%
Honest; respectable Up{standing}
30%
Financial or material support of a person Up{keep}
25%
Snobby Up{pity}
25%
A violent or sudden change or disruption to something Up{heaval}
10%
No matching quizzes found
Score Distribution
Percent of People with Each Score
Percentile by Number Answered
Your Score History
You have not taken this quiz